000 00656nam a2200277Ia 4500
005 20260324141830.0
008 008 260324s9999 xx 000 0 eng d
020 _a9780203436936
037 _aEBOOK
040 _aCRL
040 _beng
040 _cCRL
041 _2eng
041 _aeng
084 _qCRL
100 _aDr David Hilling; David Hilling
_91209687
245 0 _aTransport and Developing Countries
260 _bTaylor and Francis
260 _c1996
365 _a
365 _b86.99
856 _uhttp://www.taylorfrancis.com/books/9780203436936
942 _cEBOOK
999 _c1813177
_d1813177